000 00276nam a2200109Ia 4500
008 200302s9999 xx 000 0 und d
100 _aStephen Truby
245 _aExit- Architecture Design Between War and Peace
260 _bSpringer Wien
260 _c2008
300 _a113 P.,
999 _c2756
_d2756